<?xml version="1.0" encoding="UTF-8"?>
<collection xmlns="http://www.loc.gov/MARC21/slim">
 <record>
  <leader>00633nam a22001575a 4500</leader>
  <controlfield tag="001">EEA.libagro004708</controlfield>
  <controlfield tag="005">20181030123735.0</controlfield>
  <controlfield tag="008">130809s1960####ag#a##########000#0#spa#d</controlfield>
  <datafield tag="082" ind1="0" ind2="4">
   <subfield code="a">636.213</subfield>
  </datafield>
  <datafield tag="100" ind1="1" ind2=" ">
   <subfield code="a">Hammond, John,</subfield>
   <subfield code="d">1889-1964.</subfield>
  </datafield>
  <datafield tag="245" ind1="1" ind2="0">
   <subfield code="a">Carne :</subfield>
   <subfield code="b">producción y tecnología. Conferencias, observaciones, mesas redondas /</subfield>
   <subfield code="c">John Hammond.</subfield>
  </datafield>
  <datafield tag="260" ind1=" " ind2=" ">
   <subfield code="a">Buenos Aires :</subfield>
   <subfield code="b">CAFADE,</subfield>
   <subfield code="c">1960.</subfield>
  </datafield>
  <datafield tag="300" ind1=" " ind2=" ">
   <subfield code="a">160 p. :</subfield>
   <subfield code="b">il. ;</subfield>
   <subfield code="c">26 cm.</subfield>
  </datafield>
  <datafield tag="490" ind1="1" ind2=" ">
   <subfield code="a">Operación carnes. Publicación técnica ;</subfield>
   <subfield code="v">1</subfield>
  </datafield>
  <datafield tag="710" ind1="2" ind2=" ">
   <subfield code="a">Comisión Nacional de Administración del Fondo de Apoyo al Desarrollo Económico.</subfield>
  </datafield>
  <datafield tag="859" ind1=" " ind2=" ">
   <subfield code="a">AR-BbBCA</subfield>
   <subfield code="b">BIB. AGRONOMIA</subfield>
   <subfield code="h">636.213</subfield>
   <subfield code="i">H226</subfield>
   <subfield code="p">1993/1956</subfield>
  </datafield>
 </record>
</collection>
